• 首页
  • 本馆介绍
  • 公告通知
  • 最新文献
  • 馆藏检索
  • 电子资源
  • 读者导购
  • 参考咨询
  • 我的图书馆
  • 登录
  • 详细信息显示
  • 放入我的书架
  • 预约/预借图书
  • 作者相关作品
  • 分类相关作品
  • 丛书相关作品
  • 出版社相关作品

书目信息

  • 表格格式
  • 工作单格式
  • 卡片格式
题名:
广义文字研究
    
 
作者: 黄亚平 , 白瑞斯 , 王霄冰 主编
分册:  
出版信息: 济南   齐鲁书社  2009
页数: 12, 535页
开本: 21cm
丛书名:
单 册:
中图分类: H02-53 , H02
科图分类:
主题词: 文字学--文集
电子资源:
ISBN: 978-7-5333-2151-2
000 00816nam0 2200265 450
001 2361461212
005 20231206170436.20
010    @a978-7-5333-2151-2@dCNY46.00
100    @a20081224d2009 em y0chiy50 ea
101 0  @achi
102    @aCN@b370000
105    @aa a 000yy
200 1  @a广义文字研究@Aguang yi wen zi yan jiu@f黄亚平, 白瑞斯, 王霄冰主编
210    @a济南@c齐鲁书社@d2009
215    @a12, 535页@c图@d21cm
320    @a有书目
330    @a本书主要介绍了理论·方法·综述、起源·形成·演变、语言·文字·关系、文字·功能·地位等内容。
606 0  @a文字学@j文集
690    @aH02-53@v5
690    @aH02@v4
701  0 @a黄亚平@Ahuang ya ping@4主编
701  0 @a白瑞斯@Abai rui si@4主编
701  0 @a王霄冰@Awang xiao bing@4主编
801  0 @aCN@b湖北三新@c20090320
905    @aZUCC@dH02@e4
    
    广义文字研究/黄亚平, 白瑞斯, 王霄冰主编.-济南:齐鲁书社,2009
    12, 535页:图;21cm
    
    
    ISBN 978-7-5333-2151-2:CNY46.00
    本书主要介绍了理论·方法·综述、起源·形成·演变、语言·文字·关系、文字·功能·地位等内容。
●
相关链接 在五车中查询图书 在当当中查询图书 在豆瓣中查询图书


正题名:广义文字研究     索取号:H02/4         预约/预借

序号 登录号 条形码 馆藏地/架位号 状态 备注
1 2001405931   2001405931   三新/湖北三新(第三批)/1689/ [索取号:H02/4] 在馆    
2 2001405932   2001405932   三新/湖北三新(第三批)/1689/ [索取号:H02/4] 在馆    
3 2001405933   2001405933   三新/湖北三新(第三批)/1689/ [索取号:H02/4] 在馆    
4 2001405934   2001405934   三新/湖北三新(第三批)/1689/ [索取号:H02/4] 在馆    
5 2001405935   2001405935   三新/湖北三新(第三批)/1689/ [索取号:H02/4] 在馆    
6 2001405936   2001405936   三新/湖北三新(第三批)/1689/ [索取号:H02/4] 在馆    
7 2001405937   2001405937   三新/湖北三新(第三批)/1689/ [索取号:H02/4] 在馆    
8 2001405938   2001405938   三新/湖北三新(第三批)/1689/ [索取号:H02/4] 在馆    
9 2001405939   2001405939   三新/湖北三新(第三批)/1689/ [索取号:H02/4] 在馆    
10 2001405940   2001405940   三新/湖北三新(第三批)/1689/ [索取号:H02/4] 在馆    
11 2001405941   2001405941   三新/湖北三新(第三批)/1689/ [索取号:H02/4] 在馆    
12 2001405942   2001405942   三新/湖北三新(第三批)/1689/ [索取号:H02/4] 在馆    
13 2001405943   2001405943   三新/湖北三新(第三批)/1689/ [索取号:H02/4] 在馆    
14 2001405944   2001405944   三新/湖北三新(第三批)/1689/ [索取号:H02/4] 在馆    
15 2001405945   2001405945   三新/湖北三新(第三批)/1689/ [索取号:H02/4] 在馆    
16 2001405946   2001405946   三新/湖北三新(第三批)/1689/ [索取号:H02/4] 在馆    
17 2001405947   2001405947   三新/湖北三新(第三批)/1689/ [索取号:H02/4] 在馆    
18 2001405948   2001405948   三新/湖北三新(第三批)/1689/ [索取号:H02/4] 在馆    
19 2001405949   2001405949   三新/湖北三新(第三批)/1689/ [索取号:H02/4] 在馆    
20 2001405950   2001405950   三新/湖北三新(第三批)/1689/ [索取号:H02/4] 在馆    
21 2001405951   2001405951   三新/湖北三新(第三批)/1689/ [索取号:H02/4] 在馆    
22 2001405952   2001405952   三新/湖北三新(第三批)/1690/ [索取号:H02/4] 在馆    
23 2001405953   2001405953   三新/湖北三新(第三批)/1690/ [索取号:H02/4] 在馆    
24 2001405954   2001405954   三新/湖北三新(第三批)/1690/ [索取号:H02/4] 在馆    
25 2001405955   2001405955   三新/湖北三新(第三批)/1690/ [索取号:H02/4] 在馆    
26 2001405956   2001405956   三新/湖北三新(第三批)/1690/ [索取号:H02/4] 在馆    
27 2001405957   2001405957   三新/湖北三新(第三批)/1690/ [索取号:H02/4] 在馆    
28 2001405958   2001405958   三新/湖北三新(第三批)/1690/ [索取号:H02/4] 在馆    
29 2001405959   2001405959   三新/湖北三新(第三批)/1690/ [索取号:H02/4] 在馆    
30 2001405960   2001405960   三新/湖北三新(第三批)/1690/ [索取号:H02/4] 在馆    
山东省滨州职业学院图书馆 欢迎您!
大连网信软件有限公司© 版权所有